Detalles MARC
| 000 -CABECERA |
| campo de control de longitud fija |
01336nam a2200325 i 4500 |
| 003 - IDENTIFICADOR DEL NÚMERO DE CONTROL |
| campo de control |
DO-SdBNP |
| 005 - FECHA Y HORA DE LA ÚLTIMA TRANSACCIÓN |
| campo de control |
20250115114738.0 |
| 006 - CÓDIGOS DE INFORMACIÓN DE LONGITUD FIJA--CARACTERÍSTICAS DEL MATERIAL ADICIONAL |
| campo de control de longitud fija |
a||||gr|||| 00| 0 |
| 007 - CAMPO FIJO DE DESCRIPCIÓN FÍSICA--INFORMACIÓN GENERAL |
| campo de control de longitud fija |
ta |
| 008 - DATOS DE LONGITUD FIJA--INFORMACIÓN GENERAL |
| campo de control de longitud fija |
230906e2003 dr ahc|| |||| 00| 0 eng d |
| 020 ## - NÚMERO INTERNACIONAL ESTÁNDAR DEL LIBRO |
| Número Internacional Estándar del Libro |
99934881x |
| 040 ## - FUENTE DE LA CATALOGACIÓN |
| Centro catalogador/agencia de origen |
DO-SdBNP |
| Lengua de catalogación |
spa |
| Centro/agencia transcriptor |
BNPHU |
| Normas de descripción |
rda |
| 082 #4 - NÚMERO DE LA CLASIFICACIÓN DECIMAL DEWEY |
| Número de edición |
22 |
| Número de documento/Ítem |
G984p |
| 100 1# - ENTRADA PRINCIPAL--NOMBRE DE PERSONA |
| Nombre de persona |
Gutiérrez Félix, Euclides, |
| Fechas asociadas al nombre |
1936- |
| Término indicativo de función/relación |
autor |
| 9 (RLIN) |
5673 |
| 245 00 - MENCIÓN DE TÍTULO |
| Título |
Por el equilibio del mundo: |
| Resto del título |
sesquicentenario del natalicio de José Martí. / |
| Mención de responsabilidad, etc. |
Ponencias de, Euclides Gutiérrez Félix y Tony Raful; prólogo, Mateo Morrison |
| 264 #1 - PRODUCCIÓN, PUBLICACIÓN, DISTRIBUCIÓN, FABRICACIÓN Y COPYRIGHT |
| Producción, publicación, distribución, fabricación y copyright |
La Abana, Cuba : |
| Nombre del de productor, editor, distribuidor, fabricante |
Secretaría de Cultura, |
| Fecha de producción, publicación, distribución, fabricación o copyright |
2003 |
| 300 ## - DESCRIPCIÓN FÍSICA |
| Extensión |
32 páginas : |
| Otras características físicas |
Ilustraciones, facsímil, retratos ; |
| Dimensiones |
27 cm |
| 336 ## - TIPO DE CONTENIDO |
| Fuente |
rdacontent |
| Término de tipo de contenido |
texto |
| Código de tipo de contenido |
txt |
| 337 ## - TIPO DE MEDIO |
| Fuente |
rdamedia |
| Nombre/término del tipo de medio |
sin mediación |
| Código del tipo de medio |
n |
| 338 ## - TIPO DE SOPORTE |
| Fuente |
rdacarrier |
| Nombre/término del tipo de soporte |
volumen |
| Código del tipo de soporte |
nc |
| 500 ## - NOTA GENERAL |
| Nota general |
Comisión Dominicana para la Conmemoración del Sesquicentenario del Nacimiento del Apóstol José Martí. |
| 500 ## - NOTA GENERAL |
| Nota general |
Incluye datos biográficos |
| 504 ## - NOTA DE BIBLIOGRAFÍA, ETC. |
| Nota de bibliografía, etc. |
Bibliografías: página 31 |
| 590 ## - NOTA LOCAL (RLIN) |
| Nota local |
Inventariado 2023 / MF |
| 600 10 - PUNTO DE ACCESO ADICIONAL DE MATERIA--NOMBRE DE PERSONA |
| Nombre de persona |
Martí, José, |
| Fechas asociadas al nombre |
1853-1895 |
| Subdivisión general |
Crítica e Interpretación |
| 9 (RLIN) |
645 |
| 700 1# - PUNTO DE ACCESO ADICIONAL--NOMBRE DE PERSONA |
| Nombre de persona |
Raful, Tony, |
| Fechas asociadas al nombre |
1951- |
| Término indicativo de función/relación |
autor |
| 9 (RLIN) |
1377 |
| 700 1# - PUNTO DE ACCESO ADICIONAL--NOMBRE DE PERSONA |
| Nombre de persona |
Morrison, Mateo, |
| Fechas asociadas al nombre |
1947- |
| Término indicativo de función/relación |
prólogo |
| 9 (RLIN) |
1469 |
| 710 1# - PUNTO DE ACCESO ADICIONAL--NOMBRE DE ENTIDAD CORPORATIVA |
| Nombre de entidad corporativa o nombre de jurisdicción como elemento de entrada |
República Dominicana. |
| Unidad subordinada |
Secretaría de Estado de Cultura |
| 9 (RLIN) |
6453 |
| 942 ## - ELEMENTOS DE PUNTO DE ACCESO ADICIONAL (KOHA) |
| Fuente del sistema de clasificación o colocación |
Dewey Decimal Classification |
| Tipo de ítem Koha |
Folleto |